00911cam a2200277Ia 450000500170000000800410001702000180005802000180007602000150009403500200010904000500012904100080017905000110018724500520019825000110025026000540026130000590031550400530037465000180042765000420044565000430048765000420053070000190057270000210059170000210061220180601164025.0150619s1994 enkad frb 001 0 eng d a9780863773471 a9780863773488 a0863773486 a(OCoLC)47725494 aCO-BoUCMbspacJose A. GerenadJose A. Gerena0 aeng aBF 31100aCognition in action cMary M. Smyth...[y otros] a2nd ed aHove (Sussex, Inglaterra)bPsychology pressc1994 aviii, 455 páginasbilustraciones, cuados, gráficas aIncluye referencias bibliográficas e índices 7aPsicología  7aCognición xAspectos psicológicos 7aPercepción xAspectos psicológicos 7aPensamiento xAspectos psicológicos1 aSmyth, Mary M.1 aCollins, Alan F.1 aMorris, Peter E.